BUBT Library Online Catalog

Income Tax Ordinance 1984, & Income Tax Manual (Part- 1) (Record no. 3136)

000 -LEADER
fixed length control field 00911nam a2200217Ia 4500
003 - CONTROL NUMBER IDENTIFIER
control field BUBTL
008 - FIXED-LENGTH DATA ELEMENTS--GENERAL INFORMATION
fixed length control field 151213s9999 xx 000 0 und d
020 ## - INTERNATIONAL STANDARD BOOK NUMBER
International Standard Book Number 984300000890
082 ## - DEWEY DECIMAL CLASSIFICATION NUMBER
Classification number 343.052/ T21i/ 2007
100 ## - MAIN ENTRY--PERSONAL NAME
Personal name তৈয়ব, ডঃ এ. এস. এম. হোসেন
9 (RLIN) 4311
245 ## - TITLE STATEMENT
Title Income Tax Ordinance 1984, & Income Tax Manual (Part- 1)
Remainder of title ডঃ এ. এস. এম. হোসেন তৈয়ব
250 ## - EDITION STATEMENT
Edition statement 1st
260 ## - PUBLICATION, DISTRIBUTION, ETC. (IMPRINT)
Place of publication, distribution, etc. Dhaka
Name of publisher, distributor, etc. সেন্ট্রাল ল’ বুক হাউস
Date of publication, distribution, etc. c2007
300 ## - PHYSICAL DESCRIPTION
Extent [xxv], 508p . :
Dimensions 21.5 cm.
650 ## - SUBJECT ADDED ENTRY--TOPICAL TERM
Topical term or geographic name as entry element Law
650 ## - SUBJECT ADDED ENTRY--TOPICAL TERM
Topical term or geographic name as entry element Law
9 (RLIN) 4312
700 ## - ADDED ENTRY--PERSONAL NAME
Personal name ডঃ এ. এস. এম. হোসেন তৈয়ব, এ. এ. এম. মনিরুজ্জামান এবং আজহারুল ইসলাম
9 (RLIN) 4313
856 ## - ELECTRONIC LOCATION AND ACCESS
Password 0
Logon 0
Link text Download
942 ## - ADDED ENTRY ELEMENTS (KOHA)
Source of classification or shelving scheme
Koha item type Books
Holdings
Withdrawn status Lost status Source of classification or shelving scheme Damaged status Not for loan Collection code Permanent location Current location Shelving location Date acquired Source of acquisition Inventory number Total Checkouts Full call number Barcode Date last seen Date last checked out Copy number Price effective from Koha item type
          Non-fiction Bangladesh University of Business and Technology Library Bangladesh University of Business and Technology Library Law Stacks 01/27/2007 Purchase 5077 1 343.052/ T21i/ 2007 BUBTL-20035077 09/20/2023 09/14/2023 C-1 10/27/2021 Books
        Not For Loan Non-fiction Bangladesh University of Business and Technology Library Bangladesh University of Business and Technology Library Law Stacks 01/27/2007 Purchase 5078   343.052/ T21i/ 2007 BUBTL-20035078 10/27/2021   C-2 10/27/2021 Books
          Non-fiction Bangladesh University of Business and Technology Library Bangladesh University of Business and Technology Library Law Stacks 01/27/2007 Purchase 8062   343.052/ T21i/ 2007 BUBTL-20038062 10/27/2021   C-3 10/27/2021 Books
          Non-fiction Bangladesh University of Business and Technology Library Bangladesh University of Business and Technology Library Law Stacks 01/27/2007 Purchase 8064 1 343.052/ T21i/ 2007 BUBTL-20038064 10/16/2023 09/27/2023 C-4 10/27/2021 Books
          Non-fiction Bangladesh University of Business and Technology Library Bangladesh University of Business and Technology Library Law Stacks 01/27/2007 Purchase 8063 1 343.052/ T21i/ 2007 BUBTL-20038063 10/02/2023 09/27/2023 C-5 10/27/2021 Books

More Information About Library

Library Hours

  • Open: 9.00 am. to 9.00 pm.
  • Only Sunday: 9.00 am. to 6.00 pm.
  • Closed: Holiday

Contact to the University

Bangladesh University of Business and Technology Library

  • Mirpurl-2, 1216.
  • Phone:
  • Fax:
  • E-Mail: admin.library@bubt.edu.bd

Contact to the Library

Contact Person:

Md. Abdul Hakim Shah
Joint Librarian
PABX No:  113
Cell No: 01816332931
E-mail: official: admin.library@bubt.edu.bd
Personal: hakim.shah@bubt.edu.bd


BUBT Library

Copyright © 2021